[Event "Torneo de Otoño C.C.C. 2016"]
[Site "Colmenarejo ESP"]
[Date "2016.09.25"]
[Round "1.1"]
[White "Lopez Perolio, Jorge"]
[Black "Lucarelli Nietch, Leonardo"]
[Result "1-0"]
[WhiteElo "1931"]
[BlackElo "1521"]
[PlyCount "45"]
[EventDate "2016.09.25"]
[EventType "swiss"]
[EventRounds "7"]
[EventCountry "ESP"]
[SourceTitle "AeM"]
[Source "lmi"]
[SourceDate "2016.09.25"]

1. b3 d6 2. Bb2 e6 3. e3 Nf6 4. Nf3 Be7 5. Be2 Nbd7 6. d4 O-O 7. O-O c6 8. c4
d5 9. Nbd2 b6 10. cxd5 cxd5 11. Ne1 h6 12. Bd3 Bb7 13. f4 Bb4 14. a3 Bxd2 15.
Qxd2 Ne4 16. Bxe4 dxe4 17. f5 Bd5 18. b4 a5 19. Rc1 a4 20. g3 b5 21. Ng2 Bc6
22. Rf2 Qg5 23. fxe6 1-0

[Event "Torneo de Otoño C.C.C. 2016"]
[Site "Colmenarejo ESP"]
[Date "2016.09.25"]
[Round "1.2"]
[White "Martin Andres, Carlos"]
[Black "Serrano Martinez, Francisco Jose"]
[Result "0-1"]
[WhiteElo "1507"]
[BlackElo "1875"]
[PlyCount "32"]
[EventDate "2016.09.25"]
[EventType "swiss"]
[EventRounds "7"]
[EventCountry "ESP"]
[SourceTitle "AeM"]
[Source "lmi"]
[SourceDate "2016.09.25"]

1. e4 d5 2. exd5 Nf6 3. c4 c6 4. Nc3 cxd5 5. cxd5 Nxd5 6. Bb5+ Nc6 7. Nge2 e6
8. O-O Be7 9. Nd4 Qb6 10. Qa4 Bd7 11. Nxd5 exd5 12. Nxc6 bxc6 13. Be2 O-O 14.
d3 Bf6 15. Re1 Rab8 16. Bf3 Bf5 0-1

[Event "Torneo de Otoño C.C.C. 2016"]
[Site "Colmenarejo ESP"]
[Date "2016.09.25"]
[Round "1.3"]
[White "Fraga Suarez, Roberto"]
[Black "Orta Vazquez, Mario"]
[Result "1-0"]
[WhiteElo "1818"]
[BlackElo "1447"]
[PlyCount "65"]
[EventDate "2016.09.25"]
[EventType "swiss"]
[EventRounds "7"]
[EventCountry "ESP"]
[SourceTitle "AeM"]
[Source "lmi"]
[SourceDate "2016.09.25"]

1. c4 Nf6 2. Nc3 e6 3. d4 b6 4. e4 Bb4 5. e5 Ne4 6. Qf3 Bb7 7. Bd2 d5 8. Rd1
Nxd2 9. Rxd2 Nd7 10. Qg4 Qe7 11. Nf3 O-O-O 12. Be2 f5 13. Qf4 h6 14. Rc2 g5 15.
Qc1 g4 16. Nd2 h5 17. a3 Bxc3 18. Rxc3 dxc4 19. O-O b5 20. b3 Nb6 21. bxc4 Rxd4
22. cxb5 Rhd8 23. Nb3 R4d5 24. Nc5 Rxe5 25. Nxb7 Kxb7 26. Qc2 Red5 27. Rc1 R5d7
28. a4 Nd5 29. Rc4 Ka8 30. a5 Qa3 31. Ra4 Qe7 32. Qc6+ Kb8 33. a6 1-0

[Event "Torneo de Otoño C.C.C. 2016"]
[Site "Colmenarejo ESP"]
[Date "2016.09.25"]
[Round "1.4"]
[White "Almodovar Manzanares, Vicente"]
[Black "Mataix Fernandez, Ricardo"]
[Result "0-1"]
[WhiteElo "1432"]
[BlackElo "1807"]
[PlyCount "48"]
[EventDate "2016.09.25"]
[EventType "swiss"]
[EventRounds "7"]
[EventCountry "ESP"]
[SourceTitle "AeM"]
[Source "lmi"]
[SourceDate "2016.09.25"]

1. c4 f5 2. d4 e6 3. Nf3 Nf6 4. g3 Be7 5. Bg2 O-O 6. O-O c6 7. a3 d5 8. c5 Bd7
9. Nc3 Be8 10. Bf4 Nbd7 11. Ne5 Ne4 12. Nxe4 dxe4 13. f3 g5 14. Nxd7 Qxd7 15.
Be5 Bg6 16. fxe4 fxe4 17. e3 Qd5 18. g4 Bxc5 19. Bf6 Bd6 20. Bxg5 Qxg5 21. Qd2
Rxf1+ 22. Rxf1 Rf8 23. Re1 Qh4 24. h3 Qg3 0-1

[Event "Torneo de Otoño C.C.C. 2016"]
[Site "Colmenarejo ESP"]
[Date "2016.09.25"]
[Round "1.5"]
[White "Minguez Greciano, Iluminada"]
[Black "Alonso Saiz, Luis"]
[Result "1-0"]
[WhiteElo "1803"]
[BlackElo "1419"]
[PlyCount "69"]
[EventDate "2016.09.25"]
[EventType "swiss"]
[EventRounds "7"]
[EventCountry "ESP"]
[SourceTitle "AeM"]
[Source "lmi"]
[SourceDate "2016.09.25"]

1. c4 c5 2. g3 g6 3. Bg2 Bg7 4. Nc3 Nf6 5. Nf3 e6 6. O-O O-O 7. d4 d6 8. e4 Nc6
9. h3 a6 10. Be3 b6 11. e5 Ne8 12. exd6 cxd4 13. Nxd4 Bxd4 14. Bxc6 Rb8 15.
Qxd4 Nxd6 16. Bf4 e5 17. Bxe5 Bxh3 18. Rfd1 Nf5 19. Qe4 Qg5 20. Bxb8 Rxb8 21.
Qf4 Qxf4 22. gxf4 Rc8 23. Bd5 Bg4 24. f3 Bh5 25. Kf2 Kf8 26. Ne4 Kg7 27. Ng3 b5
28. Nxf5+ gxf5 29. b3 bxc4 30. Bxc4 a5 31. Rd5 a4 32. Rxf5 Bg6 33. Ra5 axb3 34.
axb3 Rc7 35. f5 1-0

[Event "Torneo de Otoño C.C.C. 2016"]
[Site "Colmenarejo ESP"]
[Date "2016.09.25"]
[Round "1.6"]
[White "Peña Hernandez, Javier"]
[Black "Garcia  Fernandez, Jose  Luis"]
[Result "0-1"]
[WhiteElo "1789"]
[BlackElo "1393"]
[PlyCount "66"]
[EventDate "2016.09.25"]
[EventType "swiss"]
[EventRounds "7"]
[EventCountry "ESP"]
[SourceTitle "AeM"]
[Source "lmi"]
[SourceDate "2016.09.25"]

1. d4 d5 2. c4 c6 3. Nc3 Nf6 4. h3 e6 5. a3 dxc4 6. e4 b5 7. Nf3 Be7 8. Bf4 Bb7
9. Qc2 Qa5 10. Bd2 Qb6 11. Rd1 Nbd7 12. b3 cxb3 13. Qxb3 a6 14. Be3 Qa5 15. Bd2
Qxa3 16. Qxa3 Bxa3 17. Bd3 c5 18. Nb1 Bb2 19. Be3 cxd4 20. Bxd4 Bxd4 21. Nxd4
Nxe4 22. Bxe4 Bxe4 23. O-O Bxb1 24. Rxb1 O-O 25. Rfc1 Rfc8 26. Nc6 Kf8 27. Na5
Nb6 28. Rc6 Rxc6 29. Nxc6 Nd5 30. Nb4 Nxb4 31. Rxb4 Rc8 32. Kf1 Rc2 33. Rb1 Ra2
0-1

[Event "Torneo de Otoño C.C.C. 2016"]
[Site "Colmenarejo ESP"]
[Date "2016.09.25"]
[Round "1.7"]
[White "Garcia Diaz, Alejandro"]
[Black "Olmedo Aznar, Eduardo"]
[Result "1-0"]
[WhiteElo "1771"]
[BlackElo "1380"]
[PlyCount "82"]
[EventDate "2016.09.25"]
[EventType "swiss"]
[EventRounds "7"]
[EventCountry "ESP"]
[SourceTitle "AeM"]
[Source "lmi"]
[SourceDate "2016.09.25"]

1. e4 c5 2. Nf3 Nc6 3. c3 e6 4. d4 cxd4 5. cxd4 Nf6 6. Nc3 Bb4 7. e5 Nd5 8. Qc2
Qb6 9. a3 Qa5 10. Bd2 a6 11. Bd3 Nde7 12. O-O Bxc3 13. bxc3 b5 14. Ng5 Ng6 15.
Nxh7 Nce7 16. Ng5 Bb7 17. Ne4 Bxe4 18. Bxe4 Rc8 19. g3 Qc7 20. f4 d5 21. exd6
Qxd6 22. Rae1 f5 23. Bg2 Kf7 24. Qb3 Rc4 25. Re2 Nd5 26. Rfe1 Re8 27. a4 Nc7
28. axb5 axb5 29. Bc1 Qa6 30. Ra2 Qb6 31. Ba3 Na6 32. Rb2 Rec8 33. Bc5 Nxc5 34.
Qxc4 bxc4 35. Rxb6 Na4 36. Rb7+ Kf6 37. Rc1 Ra8 38. Rb4 Ra7 39. Ra1 Ne7 40.
Rbxa4 Rxa4 41. Rxa4 Nd5 1-0

[Event "Torneo de Otoño C.C.C. 2016"]
[Site "Colmenarejo ESP"]
[Date "2016.09.25"]
[Round "1.8"]
[White "Olmedo Alvarez, Jesus"]
[Black "Urruti Diaz, Anibal Agustin"]
[Result "1-0"]
[WhiteElo "1335"]
[BlackElo "1741"]
[PlyCount "47"]
[EventDate "2016.09.25"]
[EventType "swiss"]
[EventRounds "7"]
[EventCountry "ESP"]
[SourceTitle "AeM"]
[Source "lmi"]
[SourceDate "2016.09.25"]

1. d4 d5 2. c4 e6 3. Nc3 Nf6 4. Nf3 Nc6 5. a3 Be7 6. e3 O-O 7. Bd3 dxc4 8. Bxc4
Na5 9. Bd3 h6 10. O-O Nc6 11. Bc2 Re8 12. Re1 Nh7 13. Qd3 Nf8 14. e4 Bf6 15. e5
Be7 16. h3 Nb8 17. Nh2 c5 18. Ng4 Qxd4 19. Nxh6+ gxh6 20. Qg3+ Ng6 21. Bxg6 Bg5
22. Bxg5 Nd7 23. Bxf7+ Kxf7 24. Re4 1-0

[Event "Torneo de Otoño C.C.C. 2016"]
[Site "Colmenarejo ESP"]
[Date "2016.09.25"]
[Round "1.10"]
[White "Peña Negueruela, Francisco"]
[Black "Criado Riesgo, Manuel"]
[Result "0-1"]
[WhiteElo "1296"]
[BlackElo "1642"]
[PlyCount "56"]
[EventDate "2016.09.25"]
[EventType "swiss"]
[EventRounds "7"]
[EventCountry "ESP"]
[SourceTitle "AeM"]
[Source "lmi"]
[SourceDate "2016.09.25"]

1. e4 e5 2. Nf3 Nc6 3. c3 Nf6 4. d3 Be7 5. h3 O-O 6. Bg5 h6 7. Bxf6 Bxf6 8. d4
exd4 9. cxd4 Re8 10. e5 d6 11. Bb5 Bd7 12. O-O dxe5 13. dxe5 Nxe5 14. Nxe5 Bxb5
15. Qxd8 Raxd8 16. Re1 Rxe5 17. Na3 Rxe1+ 18. Rxe1 Ba6 19. b3 Bb2 20. Nc2 c5
21. Ne3 Rd2 22. Nf5 Bd4 23. Nxd4 cxd4 24. Re8+ Kh7 25. a4 Rb2 26. Rd8 d3 27.
Kh2 d2 28. f4 Be2 0-1

[Event "Torneo de Otoño C.C.C. 2016"]
[Site "Colmenarejo ESP"]
[Date "2016.09.25"]
[Round "1.11"]
[White "De Andres Senra, Sergio Ivan"]
[Black "Guerra Pantojo, Daniel"]
[Result "1-0"]
[WhiteElo "1642"]
[BlackElo "1275"]
[PlyCount "101"]
[EventDate "2016.09.25"]
[EventType "swiss"]
[EventRounds "7"]
[EventCountry "ESP"]
[SourceTitle "AeM"]
[Source "lmi"]
[SourceDate "2016.09.25"]

1. e4 g6 2. Nf3 c5 3. g3 Bg7 4. Bg2 Nf6 5. d3 d6 6. Nbd2 Nc6 7. O-O e5 8. Re1
O-O 9. Nf1 h6 10. Ne3 Be6 11. c3 b5 12. d4 cxd4 13. cxd4 exd4 14. Nxd4 Nxd4 15.
Qxd4 Ne8 16. Qb4 Nc7 17. Rd1 Ne8 18. Nd5 Bxd5 19. Rxd5 a6 20. Bf4 Qc7 21. Rc1
Qb6 22. Bxd6 Nxd6 23. Rxd6 Qb8 24. Rd7 Qe5 25. b3 Qb2 26. Qd2 Qxd2 27. Rxd2 h5
28. h4 Rad8 29. Rcd1 Rxd2 30. Rxd2 Bc3 31. Rd6 a5 32. Rd5 Rb8 33. Bf1 Re8 34.
f3 Be1 35. Kg2 b4 36. Bc4 Ra8 37. Rd7 Rf8 38. Rd1 Bc3 39. Rd6 Be5 40. Rxg6+ Kh7
41. Rg5 f6 42. Rxh5+ Kg6 43. Rf5 Rd8 44. f4 Bc7 45. h5+ Kg7 46. Rd5 Re8 47.
Rd7+ Kh6 48. Rxc7 Rxe4 49. Kf3 Rd4 50. Ke3 Rd6 51. Rc5 1-0

[Event "Torneo de Otoño C.C.C. 2016"]
[Site "Colmenarejo ESP"]
[Date "2016.09.25"]
[Round "1.12"]
[White "Mataix Serrano, Ricardo"]
[Black "Melcon Diez, Enrique"]
[Result "0-1"]
[WhiteElo "1229"]
[BlackElo "1641"]
[PlyCount "86"]
[EventDate "2016.09.25"]
[EventType "swiss"]
[EventRounds "7"]
[EventCountry "ESP"]
[SourceTitle "AeM"]
[Source "lmi"]
[SourceDate "2016.09.25"]

1. e4 c5 2. Nf3 g6 3. Bc4 Bg7 4. a3 Nc6 5. d3 d6 6. Be3 Bg4 7. Nbd2 Nf6 8. c3
O-O 9. b4 Nd7 10. Qb3 Qb6 11. Rc1 Nce5 12. Nxe5 Nxe5 13. h3 Bd7 14. O-O Bb5 15.
a4 Bxc4 16. Nxc4 Qc7 17. Nxe5 Bxe5 18. f4 Bg7 19. d4 c4 20. Qa3 e6 21. b5 a6
22. Qb4 axb5 23. Qxb5 Ra5 24. Qb4 Rfa8 25. Ra1 b5 26. f5 bxa4 27. d5 Rb8 28.
Qa3 Rb3 29. Qxa4 Rxa4 30. Rxa4 Rxc3 31. Ra8+ Bf8 32. Bh6 Qe7 33. Rfa1 f6 34.
R1a7 Qxa7+ 35. Rxa7 Bxh6 36. Ra8+ Bf8 37. fxe6 Kg7 38. Ra7+ Kh6 39. Rf7 Re3 40.
Rxf8 Rxe4 41. Rxf6 c3 42. e7 c2 43. Rxd6 c1=Q+ 0-1

[Event "Torneo de Otoño C.C.C. 2016"]
[Site "Colmenarejo ESP"]
[Date "2016.09.25"]
[Round "1.13"]
[White "Dominguez Coig, Alvaro"]
[Black "Centeno Mendoza, Julio Stefano"]
[Result "1-0"]
[WhiteElo "1621"]
[BlackElo "1041"]
[PlyCount "45"]
[EventDate "2016.09.25"]
[EventType "swiss"]
[EventRounds "7"]
[EventCountry "ESP"]
[SourceTitle "AeM"]
[Source "lmi"]
[SourceDate "2016.09.25"]

1. e4 e5 2. Nf3 Nc6 3. Bb5 a6 4. Ba4 Nf6 5. O-O Bc5 6. c3 O-O 7. d4 b5 8. Bb3
exd4 9. cxd4 Bb4 10. a3 Ba5 11. Bg5 d6 12. Bd5 Qe8 13. Bxf6 gxf6 14. Qc2 Bb7
15. Rd1 Rb8 16. Nh4 Bb6 17. Nf5 a5 18. Qd2 Ne7 19. Nh6+ Kg7 20. Ng4 Bxd5 21.
Qh6+ Kg8 22. Nxf6+ Kh8 23. Qxh7# 1-0

[Event "Torneo de Otoño C.C.C. 2016"]
[Site "Colmenarejo ESP"]
[Date "2016.10.02"]
[Round "2.1"]
[White "Serrano Martinez, Francisco Jose"]
[Black "De Andres Senra, Sergio Ivan"]
[Result "1/2-1/2"]
[WhiteElo "1875"]
[BlackElo "1642"]
[PlyCount "126"]
[EventDate "2016.09.25"]
[EventType "swiss"]
[EventRounds "7"]
[EventCountry "ESP"]
[SourceTitle "AeM"]
[Source "lmi"]
[SourceDate "2016.09.25"]

1. e4 c6 2. d4 d5 3. exd5 cxd5 4. Bd3 Nf6 5. c3 Nc6 6. Bf4 e6 7. Nf3 Bd6 8.
Bxd6 Qxd6 9. O-O O-O 10. Nbd2 e5 11. dxe5 Nxe5 12. Nxe5 Qxe5 13. Nf3 Qf4 14.
Qd2 Qxd2 15. Nxd2 Re8 16. Rfe1 Bd7 17. Nb3 b6 18. Nd4 Rxe1+ 19. Rxe1 Kf8 20. f3
Re8 21. Rxe8+ Kxe8 22. Kf2 Ke7 23. Ke3 h6 24. b4 g6 25. b5 Kd6 26. Nc2 Kc5 27.
a4 Be6 28. Nd4 Bd7 29. Nb3+ Kd6 30. Nd4 Kc5 31. Kf4 Kd6 32. g4 g5+ 33. Ke3 Ke5
34. h3 Ne8 35. Bf5 Bxf5 36. Nxf5 Nd6 37. Nxh6 f6 38. Ng8 Nc4+ 39. Kd3 Nb2+ 40.
Kc2 Nxa4 41. Ne7 Nc5 42. Ng6+ Ke6 43. h4 gxh4 44. Nxh4 Nb7 45. Nf5 Ke5 46. Nd4
Kf4 47. Kd2 Nd6 48. Ke2 Ke5 49. Kf2 Nc4 50. Nc6+ Kf4 51. Nxa7 Nd6 52. Ke2 f5
53. gxf5 Kxf5 54. Ke3 Ke5 55. Nc6+ Ke6 56. Nd4+ Ke5 57. Kf2 Kf4 58. Ne6+ Ke5
59. Nd4 Kf4 60. Ke2 Nc4 61. Ne6+ Ke5 62. Nd4 Kf4 63. Kf2 Nd6 1/2-1/2

[Event "Torneo de Otoño C.C.C. 2016"]
[Site "Colmenarejo ESP"]
[Date "2016.10.02"]
[Round "2.2"]
[White "Mataix Fernandez, Ricardo"]
[Black "Dominguez Coig, Alvaro"]
[Result "1-0"]
[WhiteElo "1807"]
[BlackElo "1621"]
[PlyCount "46"]
[EventDate "2016.09.25"]
[EventType "swiss"]
[EventRounds "7"]
[EventCountry "ESP"]
[SourceTitle "AeM"]
[Source "lmi"]
[SourceDate "2016.09.25"]

1. e4 e5 2. Nf3 Nc6 3. Bc4 Nf6 4. O-O Be7 5. d4 exd4 6. e5 Ne4 7. c3 d5 8. exd6
Nxd6 9. Bb3 dxc3 10. Nxc3 O-O 11. Bf4 Bg4 12. a3 Bxf3 13. gxf3 Bf6 14. Rb1 Re8
15. Nd5 Be5 16. Bg3 Nf5 17. f4 Nxg3 18. hxg3 Bd6 19. Kg2 Ne7 20. Rh1 c6 21.
Nf6+ gxf6 22. Rxh7 Nd5 23. Qh5 Nxf4+ 1-0

[Event "Torneo de Otoño C.C.C. 2016"]
[Site "Colmenarejo ESP"]
[Date "2016.10.02"]
[Round "2.3"]
[White "Melcon Diez, Enrique"]
[Black "Minguez Greciano, Iluminada"]
[Result "1-0"]
[WhiteElo "1641"]
[BlackElo "1803"]
[PlyCount "86"]
[EventDate "2016.09.25"]
[EventType "swiss"]
[EventRounds "7"]
[EventCountry "ESP"]
[SourceTitle "AeM"]
[Source "lmi"]
[SourceDate "2016.09.25"]

1. c4 e6 2. g3 c6 3. Bg2 d5 4. Nf3 Nf6 5. d4 Bd6 6. O-O Nbd7 7. Nfd2 O-O 8. Nc3
e5 9. dxe5 Bxe5 10. cxd5 cxd5 11. Nxd5 Nxd5 12. Bxd5 Nb6 13. Bg2 Qe7 14. Nf3
Bf6 15. Qc2 Be6 16. Bd2 Rac8 17. Bc3 Qc5 18. Rfd1 Nd5 19. Rac1 Nb4 20. Qe4 Nxa2
21. Bd4 Qb4 22. Rxc8 Rxc8 23. Ne1 Bxd4 24. Qxd4 Qxd4 25. Rxd4 b6 26. Nd3 Nc1
27. Nxc1 Rxc1+ 28. Bf1 Kf8 29. Kg2 Ke7 30. e3 a5 31. Bd3 Rc5 32. f4 f5 33. g4
g6 34. g5 Rc7 35. e4 Rc5 36. b4 axb4 37. Rxb4 Rc6 38. exf5 Bxf5 39. Bxf5 gxf5
40. h4 Kf7 41. h5 Rd6 42. Rb5 Ke6 43. Re5+ Kf7 1-0

[Event "Torneo de Otoño C.C.C. 2016"]
[Site "Colmenarejo ESP"]
[Date "2016.10.02"]
[Round "2.4"]
[White "Garcia  Fernandez, Jose  Luis"]
[Black "Vazquez Rodriguez, Maria Elena"]
[Result "1-0"]
[WhiteElo "1789"]
[BlackElo "1578"]
[PlyCount "55"]
[EventDate "2016.09.25"]
[EventType "swiss"]
[EventRounds "7"]
[EventCountry "ESP"]
[SourceTitle "AeM"]
[Source "lmi"]
[SourceDate "2016.09.25"]

1. e4 c5 2. Nc3 Nc6 3. g3 Nf6 4. Bg2 g6 5. d3 Qb6 6. Nd5 Nxd5 7. exd5 Nd4 8.
Nf3 Bg7 9. c3 Nf5 10. O-O O-O 11. Qe2 Re8 12. Bf4 d6 13. Qd2 e5 14. dxe6 Bxe6
15. Rfe1 Ne7 16. Re2 a5 17. Rae1 Qc7 18. d4 Nd5 19. dxc5 Nxf4 20. Qxf4 Qxc5 21.
Bh3 Qd5 22. Ng5 Be5 23. Qh4 Bxh3 24. Qxh7+ Kf8 25. Qxh3 Bg7 26. Nh7+ Kg8 27.
Rxe8+ Rxe8 28. Rxe8+ 1-0

[Event "Torneo de Otoño C.C.C. 2016"]
[Site "Colmenarejo ESP"]
[Date "2016.10.02"]
[Round "2.5"]
[White "Rodriguez Gomez, Jose"]
[Black "Garcia Diaz, Alejandro"]
[Result "0-1"]
[WhiteElo "1589"]
[BlackElo "1771"]
[PlyCount "62"]
[EventDate "2016.09.25"]
[EventType "swiss"]
[EventRounds "7"]
[EventCountry "ESP"]
[SourceTitle "AeM"]
[Source "lmi"]
[SourceDate "2016.09.25"]

1. e4 c5 2. Nf3 Nc6 3. d4 cxd4 4. Nxd4 Nf6 5. Nc3 e5 6. Nf3 Bb4 7. Bd3 d5 8.
Bd2 Bxc3 9. Bxc3 dxe4 10. Nxe5 Nxe5 11. Bb5+ Ned7 12. Bb4 Qb6 13. Qe2 a6 14.
Bxd7+ Bxd7 15. Ba3 Bb5 16. Qd2 Rd8 17. Qb4 Qc7 18. Rc1 Rd7 19. c4 Bc6 20. Rc3
Ng4 21. Rg3 Qf4 22. O-O h5 23. Qc3 Rg8 24. h3 Nf6 25. Qb4 h4 26. Re3 g5 27. g3
hxg3 28. Rxg3 Nh5 29. Re3 g4 30. Qc3 gxh3+ 31. Kh1 Qg5 0-1

[Event "Torneo de Otoño C.C.C. 2016"]
[Site "Colmenarejo ESP"]
[Date "2016.10.03"]
[Round "2.8"]
[White "Lucarelli Nietch, Leonardo"]
[Black "Olmedo Alvarez, Jesus"]
[Result "1/2-1/2"]
[WhiteElo "1521"]
[BlackElo "1335"]
[PlyCount "72"]
[EventDate "2016.09.25"]
[EventType "swiss"]
[EventRounds "7"]
[EventCountry "ESP"]
[SourceTitle "AeM"]
[Source "lmi"]
[SourceDate "2016.09.25"]

1. d4 Nf6 2. Nf3 g6 3. Bg5 Bg7 4. Nc3 d6 5. e4 Nbd7 6. Be2 a6 7. O-O O-O 8. Qd2
Re8 9. Bh6 e5 10. Bxg7 Kxg7 11. Rfe1 b5 12. b4 Bb7 13. d5 Nb6 14. Rad1 Rc8 15.
a3 c5 16. dxc6 Bxc6 17. Qxd6 Bxe4 18. Nxe4 Nxe4 19. Qxd8 Rexd8 20. Rxd8 Rxd8
21. Bd3 Nf6 22. Nxe5 Re8 23. Nf3 Rxe1+ 24. Nxe1 Nfd5 25. Kf1 Nc3 26. Nf3 Kf6
27. Nd2 Ke5 28. Nb3 Nb1 29. Nc5 Nxa3 30. Nxa6 Nac4 31. Ke2 Kd4 32. Nc7 Kc3 33.
Nxb5+ Kxb4 34. Bxc4 Nxc4 35. Nd4 Kc3 36. Nb3 Kxc2 1/2-1/2

[Event "Torneo de Otoño C.C.C. 2016"]
[Site "Colmenarejo ESP"]
[Date "2016.10.02"]
[Round "2.9"]
[White "Urruti Diaz, Anibal Agustin"]
[Black "Peña Negueruela, Francisco"]
[Result "1-0"]
[WhiteElo "1741"]
[BlackElo "1296"]
[PlyCount "73"]
[EventDate "2016.09.25"]
[EventType "swiss"]
[EventRounds "7"]
[EventCountry "ESP"]
[SourceTitle "AeM"]
[Source "lmi"]
[SourceDate "2016.09.25"]

1. e4 e5 2. Nf3 Nf6 3. Nc3 d6 4. Bc4 h6 5. d4 Qe7 6. O-O Be6 7. d5 Bd7 8. h3 a6
9. a4 Qd8 10. Be3 Be7 11. Qd2 O-O 12. Nh2 Nh7 13. f4 Bh4 14. fxe5 dxe5 15. Rad1
b6 16. d6 c6 17. Be2 Be6 18. Bg4 Bc4 19. Be2 b5 20. Bxc4 bxc4 21. Ng4 Nd7 22.
Bxh6 Bg5 23. Bxg5 Nxg5 24. Rf5 f6 25. Qe2 Qb6+ 26. Kh2 Qxb2 27. Qxc4+ Rf7 28.
Qxc6 Ra7 29. h4 Nh7 30. Nd5 Rf8 31. Ne7+ Kh8 32. Ng6+ Kg8 33. Nxf8 Nhxf8 34.
Qc4+ Kh8 35. Rh5+ Nh7 36. Qc8+ Ndf8 37. Qxf8# 1-0

[Event "Torneo de Otoño C.C.C. 2016"]
[Site "Colmenarejo ESP"]
[Date "2016.10.02"]
[Round "2.10"]
[White "Bahillo Vallejo, Ignacio"]
[Black "Martin Andres, Carlos"]
[Result "0-1"]
[WhiteElo "1303"]
[BlackElo "1507"]
[PlyCount "54"]
[EventDate "2016.09.25"]
[EventType "swiss"]
[EventRounds "7"]
[EventCountry "ESP"]
[SourceTitle "AeM"]
[Source "lmi"]
[SourceDate "2016.09.25"]

1. Nf3 Nc6 2. d4 d5 3. Nc3 Nf6 4. Bf4 Nh5 5. e3 Nxf4 6. exf4 a6 7. a3 e6 8. Bd3
Bd6 9. Qd2 Bd7 10. O-O-O Qf6 11. g3 Nxd4 12. Nxd4 Qxd4 13. Rde1 O-O-O 14. h4 g6
15. h5 f5 16. Rh4 Rhg8 17. h6 Be7 18. Rhh1 g5 19. fxg5 Bxg5 20. f4 Be7 21. Rhg1
Bd6 22. Rg2 Rg4 23. Ne2 Qf6 24. Rh1 Bxa3 25. Nc3 Bb4 26. Be2 Rg6 27. Rgh2 Rxg3
0-1

[Event "Torneo de Otoño C.C.C. 2016"]
[Site "Colmenarejo ESP"]
[Date "2016.10.02"]
[Round "2.11"]
[White "Orta Vazquez, Mario"]
[Black "Mataix Serrano, Ricardo"]
[Result "1-0"]
[WhiteElo "1447"]
[BlackElo "1229"]
[PlyCount "22"]
[EventDate "2016.09.25"]
[EventType "swiss"]
[EventRounds "7"]
[EventCountry "ESP"]
[SourceTitle "AeM"]
[Source "lmi"]
[SourceDate "2016.09.25"]

1. c4 e5 2. Nc3 Nc6 3. g3 Qf6 4. Nd5 Qd6 5. Bg2 Nf6 6. c5 Qe6 7. Nxc7+ Ke7 8.
Nxe6 fxe6 9. d3 h6 10. e4 b6 11. Rb1 bxc5 1-0

[Event "Torneo de Otoño C.C.C. 2016"]
[Site "Colmenarejo ESP"]
[Date "2016.10.02"]
[Round "2.12"]
[White "Guerra Pantojo, Daniel"]
[Black "Almodovar Manzanares, Vicente"]
[Result "0-1"]
[WhiteElo "1275"]
[BlackElo "1432"]
[PlyCount "60"]
[EventDate "2016.09.25"]
[EventType "swiss"]
[EventRounds "7"]
[EventCountry "ESP"]
[SourceTitle "AeM"]
[Source "lmi"]
[SourceDate "2016.09.25"]

1. e4 c5 2. Bc4 e6 3. Nc3 a6 4. f4 b5 5. Be2 Bb7 6. d3 b4 7. Na4 Nf6 8. Be3 Qc7
9. b3 d5 10. Bf3 d4 11. Bd2 Be7 12. e5 Nd5 13. Nb2 Nd7 14. Nc4 O-O 15. Be4 f6
16. exf6 N7xf6 17. Ne2 Nxe4 18. dxe4 Ne3 19. Bxe3 dxe3 20. g3 Bxe4 21. O-O Rad8
22. Qc1 Bf6 23. Qxe3 Bf5 24. Rad1 Bh3 25. Rfe1 Qc6 26. Qf2 Bg4 27. Qe3 Rxd1 28.
Rxd1 Bxe2 29. Qxe2 Bd4+ 30. Kf1 Qh1# 0-1

[Event "Torneo de Otoño C.C.C. 2016"]
[Site "Colmenarejo ESP"]
[Date "2016.10.09"]
[Round "3.1"]
[White "Criado Riesgo, Manuel"]
[Black "Mataix Fernandez, Ricardo"]
[Result "1-0"]
[WhiteElo "1642"]
[BlackElo "1807"]
[PlyCount "95"]
[EventDate "2016.09.25"]
[EventType "swiss"]
[EventRounds "7"]
[EventCountry "ESP"]
[SourceTitle "AeM"]
[Source "lmi"]
[SourceDate "2016.09.25"]

1. d4 f5 2. c4 Nf6 3. Nc3 e6 4. Nf3 Be7 5. Bg5 O-O 6. e3 c6 7. Bd3 d5 8. O-O
Bd7 9. Ne5 Be8 10. cxd5 cxd5 11. Rc1 h6 12. Bxf6 Bxf6 13. f4 Nc6 14. Nxc6 Bxc6
15. Bb5 Rc8 16. Bxc6 Rxc6 17. Qb3 Qe7 18. Na4 Rfc8 19. Rxc6 Rxc6 20. Nc3 Qc7
21. Qd1 a6 22. h3 b5 23. a3 Be7 24. Qb3 Rc4 25. Rc1 Qa5 26. Kf2 b4 27. axb4
Bxb4 28. Ke2 Kf7 29. Kd3 Kf6 30. g4 Bxc3 31. Rxc3 Rxc3+ 32. Qxc3 Qb5+ 33. Kd2
fxg4 34. hxg4 g5 35. Qa3 Kf7 36. fxg5 hxg5 37. Qc3 Kg6 38. Qd3+ Qxd3+ 39. Kxd3
Kf6 40. Kc3 e5 41. Kb4 exd4 42. exd4 Ke6 43. Ka5 Kd6 44. Kxa6 Kc6 45. b4 Kc7
46. b5 Kb8 47. Kb6 Ka8 48. Kc7 1-0

[Event "Torneo de Otoño C.C.C. 2016"]
[Site "Colmenarejo ESP"]
[Date "2016.10.09"]
[Round "3.2"]
[White "Melcon Diez, Enrique"]
[Black "Garcia  Fernandez, Jose  Luis"]
[Result "0-1"]
[WhiteElo "1641"]
[BlackElo "1771"]
[PlyCount "76"]
[EventDate "2016.09.25"]
[EventType "swiss"]
[EventRounds "7"]
[EventCountry "ESP"]
[SourceTitle "AeM"]
[Source "lmi"]
[SourceDate "2016.09.25"]

1. c4 c6 2. e4 d5 3. exd5 cxd5 4. d4 Nf6 5. Nc3 Nc6 6. Nf3 Bf5 7. cxd5 Nxd5 8.
Qb3 Ndb4 9. Bc4 Nc2+ 10. Kf1 e6 11. Qxb7 Rc8 12. Bb5 Qd7 13. Qxd7+ Kxd7 14.
Ne5+ Kc7 15. Bf4 Nxa1 16. Nxf7+ Kb6 17. Nxh8 Nxd4 18. Be3 Nac2 19. Bxd4+ Nxd4
20. Be2 Bb4 21. Nf7 Bxc3 22. Nd6 Rc6 23. Nc4+ Rxc4 24. Bxc4 Bxb2 25. f3 Kc5 26.
Ba6 Bb1 27. a4 Bc2 28. Kf2 Bc3 29. Rc1 Kb4 30. Bb5 Bb2 31. Re1 Nxb5 32. axb5
Kxb5 33. Rxe6 a5 34. Re7 Kc4 35. Rc7+ Kb3 36. Rb7+ Ka2 37. g4 a4 38. f4 Kb1 0-1

[Event "Torneo de Otoño C.C.C. 2016"]
[Site "Colmenarejo ESP"]
[Date "2016.10.09"]
[Round "3.3"]
[White "Garcia Diaz, Alejandro"]
[Black "Blanco Ruiz, Cesar"]
[Result "1-0"]
[WhiteElo "1771"]
[BlackElo "1539"]
[PlyCount "75"]
[EventDate "2016.09.25"]
[EventType "swiss"]
[EventRounds "7"]
[EventCountry "ESP"]
[SourceTitle "AeM"]
[Source "lmi"]
[SourceDate "2016.09.25"]

1. e4 e6 2. d4 d5 3. Nd2 Be7 4. e5 c5 5. c3 Nh6 6. dxc5 Nc6 7. Ndf3 Bxc5 8.
Bxh6 gxh6 9. b4 Bf8 10. Bd3 Qc7 11. Bb5 Bd7 12. Bxc6 bxc6 13. Ne2 a5 14. bxa5
c5 15. O-O Bg7 16. Re1 O-O 17. Ng3 Rxa5 18. Nh5 Rfa8 19. Qd2 Ra4 20. h3 Bb5 21.
Nf6+ Bxf6 22. exf6 Qf4 23. Re3 Qxf6 24. Nh2 Kh8 25. Rf3 Qg5 26. Qb2 Bc4 27.
Rxf7 Rg8 28. g3 h5 29. Qb7 Bd3 30. Nf3 Qh6 31. Ne5 Bf5 32. Rxf5 Rxg3+ 33. fxg3
Qe3+ 34. Rf2 Qxg3+ 35. Rg2 Qe3+ 36. Kh2 h6 37. Qc8+ Kh7 38. Qg8# 1-0